Yes, This is a Typing Challenge Quiz Stats

 Plays Quiz Updated Jul 25, 2017

Support Sporcle.
Go Orange.
Score 0/15 Timer 00:30
1 Play Today
Word Answer % Correct
????
100%
????
98.6%
????
97.6%
????
96.8%
????
95.8%
????
94.9%
????
93.3%
????
91.5%
Word Answer % Correct
????
86.7%
????
81.9%
????
73.1%
????
64.3%
????
55.2%
????
38.6%
????
24.1%

You're not logged in!

Compare scores with friends on all Sporcle quizzes.
OR
Log In
Forgot?

From the Vault

Athlete Name Definitions (with a Picture)

by whssox

We're making a new dictionary for just the names. It'll be a new language.
Remove Ads.
Support Sporcle.
Get the best of Sporcle when you Go Orange. This ad-free experience offers more features, more stats, and more fun while also helping to support Sporcle. Thank you for becoming a member.

Show Comments

Extras

Top Quizzes Today


Score Distribution

Your Account Isn't Verified!

In order to create a playlist on Sporcle, you need to verify the email address you used during registration. Go to your Sporcle Settings to finish the process.

Report this User

Report this user for behavior that violates our Community Guidelines.

Details: